000 01632nam a2200385Ia 4500
001 ebr10343294
003 CaPaEBR
006 m u
007 cr cn|||||||||
008 090707s2009 vtu sb 001 0 eng d
010 _z 2009027379
020 _z9780754666752 (alk. paper)
020 _z9780754699040 (ebook)
040 _aCaPaEBR
_cCaPaEBR
035 _a(OCoLC)646846082
050 1 4 _aPR767
_b.W66 2009eb
082 0 4 _a820.9/33
_222
100 1 _aWood, David Houston.
245 1 0 _aTime, narrative, and emotion in early modern England
_h[electronic resource] /
_cDavid Houston Wood.
260 _aBurlington, VT ;
_aFarnham, Surrey :
_bAshgate,
_cc2009.
300 _ax, 199 p.
490 1 _aLiterary and scientific cultures of early modernity
504 _aIncludes bibliographical references and index.
533 _aElectronic reproduction.
_bPalo Alto, Calif. :
_cebrary,
_d2011.
_nAvailable via World Wide Web.
_nAccess may be limited to ebrary affiliated libraries.
650 0 _aEnglish prose literature
_yEarly modern, 1500-1700
_xHistory and criticism.
650 0 _aTime in literature.
650 0 _aLiterature and medicine
_zGreat Britain
_xHistory
_y16th century.
650 0 _aLiterature and medicine
_zGreat Britain
_xHistory
_y17th century.
650 0 _aSelf in literature.
650 0 _aEmotions in literature.
655 7 _aElectronic books.
_2local
710 2 _aebrary, Inc.
830 0 _aLiterary and scientific cultures of early modernity.
856 4 0 _uhttp://site.ebrary.com/lib/rucke/Doc?id=10343294
_zAn electronic book accessible through the World Wide Web; click to view
999 _c163315
_d163315